| 000 | 01166nam2a2200253 4500 | ||
|---|---|---|---|
| 001 | RU\NLR\BIBL_A\010950995 | ||
| 005 | 20250624203349.0 | ||
| 010 |
_a978-5-9906840-3-4 _920 |
||
| 021 |
_aRU _b2015-98364 _96115 |
||
| 035 | _a(NLR Aleph) 010950995 | ||
| 090 |
_a10779420 _c10779420 |
||
| 100 | _a20160114d2015 |||y0rusy50 ca | ||
| 101 | 0 | _arus | |
| 102 | _aRU | ||
| 105 | _aae||z|||000ay | ||
| 200 | 1 | _aПропавшие в Южной Америке | |
| 210 |
_d2015 _aБ. м. |
||
| 215 |
_a124 с. _cцв. ил., портр. |
||
| 300 | _aНа тит. л. в вых. дан.: Москва, 1993, 1994-95 | ||
| 461 | 0 |
_1001RU\NLR\BIBL_A\011105867 _12001#$aМесть короля амазонок$e[экзотический боевик$eрассказ]$fDan Leonard$vКн. 1 _1700#0$aDan Leonard$cпсевдоним$3RU\NLR\AUTH\770157442 _911446749 _aDan Leonard (псевдоним) _cМосква _d2015 _e[3 вариант] _fDan Leonard _nLeonardLimited _o[экзотический боевик : рассказ] _tМесть короля амазонок _vКн. 1 |
|
| 942 | _cBOOK | ||
| 980 | _aNB | ||